Trece cuentos colombianos

Wedi'i Gadw mewn:
Manylion Llyfryddiaeth
Prif Awdur: Suescún, Nicolás (Awdur)
Fformat: Llyfr
Iaith:Sbaeneg
Cyhoeddwyd: Montevideo Arca 1970
Pynciau:
Tagiau: Ychwanegu Tag
Dim Tagiau, Byddwch y cyntaf i dagio'r cofnod hwn!

MARC

LEADER 00000nam a2200000 a 4500
001 UCM2499
003 CL-VaPUC
008 020607e19700000UY |||||||||||||||||spa|d
082 0 4 |a Co863  |b SUE  |2 21 
100 0 |a Suescún, Nicolás  |e author  |9 469277 
245 1 0 |a Trece cuentos colombianos 
300 |a 208 p 
942 |c BK 
945 |d 20020607 00:00:00  |a cmena 
260 |a Montevideo  |b Arca  |c 1970 
650 0 |a Cuentos colombianos   |9 317132 
650 0 |a Literatura colombiana   |9 315578 
583 |a last modification  |c 20020607 00:00:00  |k Rodrigo Vera 
999 |c 300338  |d 300336 
952 |0 0  |1 0  |4 0  |6 CO_863_000000000000000_SUE_1970  |7 0  |8 A  |9 357991  |a BIBEDU  |b BIBEDU  |d 2019-11-21  |i 2052598  |o Co863 SUE 1970  |p 2052598  |r 2019-11-21  |w 2019-11-21  |y BK  |k LIT